Symbole metali 1 i 2 grupy - Statystyki

Ogólne statystyki
  • Ten quiz został rozwiązany 80 razy
  • Średni wynik to 11 z 12
Statystyki odpowiedzi
Symbol Nazwa pierwiastka % Poprawnych
Li Lit
100%
Mg Magnez
99%
K Potas
99%
Na Sód
99%
Ca Wapń
94%
Be Beryl
93%
Ba Bar
91%
Ra Rad
90%
Cs Cez
81%
Fr Frans
74%
Rb Rubid
74%
Sr Stront
67%
Nie znaleziono quizów pasujących do podanych kryteriów
Rozkład punktacji
Procent ludzi z każdym wynikiem
Percentyl według liczby udzielonych odpowiedzi
Twoja historia wyników
Nie rozwiązałeś tego quizu